The individual in the economic and monetary union : a study of legal accountability /

"The European Union's response to the financial crisis was designed in a way that prevented EU citizens from holding decision-makers accountable. This book reimagines legal accountability by focusing on the citizen, who should be at the centre of the common interest in the EU, with solidar...

Full description

Bibliographic Details
Main Author: Bobić, Ana, 1987- (Author)
Corporate Author: Cambridge University Press
Format: eBook
Language:English
Published: Cambridge, United Kingdom ; New York, NY : Cambridge University Press, 2023.
Subjects:
Online Access:Connect to the full text of this electronic book

MARC

Tag First Indicator Second Indicator Subfields
LEADER 00000cam a22000008i 4500
001 in00004771713
006 m o d
007 cr |||||||||||
008 230713s2023 nyu ob 001 0 eng
005 20240206232413.2
010 |a  2023031220 
035 |a (OCoLC)on1398510283 
040 |a DLC  |b eng  |e rda  |c DLC  |d OCLCF 
020 |a 9781009207942  |q (ebook) 
020 |a 1009207946 
020 |z 9781009207973  |q (hardback) 
020 |z 9781009207935  |q (paperback) 
035 |a (OCoLC)1398510283 
042 |a pcc 
043 |a e------ 
050 0 0 |a KJE2188 
082 0 0 |a 346.402/2  |2 23/eng/20230919 
049 |a TXAM 
100 1 |a Bobić, Ana,  |d 1987-  |e author. 
245 1 4 |a The individual in the economic and monetary union :  |b a study of legal accountability /  |c Ana Bobić, Hertie School of Governance, Berlin. 
263 |a 2312 
264 1 |a Cambridge, United Kingdom ;  |a New York, NY :  |b Cambridge University Press,  |c 2023. 
300 |a 1 online resource 
336 |a text  |b txt  |2 rdacontent 
337 |a computer  |b c  |2 rdamedia 
338 |a online resource  |b cr  |2 rdacarrier 
504 |a Includes bibliographical references and index. 
505 0 |a Normative framework of legal accountability -- Theorising judicial review in the economic and monetary Union -- Financial assistance mechanisms -- The monetary policy of the European Central Bank -- The single supervisory mechanism. 
520 |a "The European Union's response to the financial crisis was designed in a way that prevented EU citizens from holding decision-makers accountable. This book reimagines legal accountability by focusing on the citizen, who should be at the centre of the common interest in the EU, with solidarity and equality as guiding principles"--  |c Provided by publisher. 
588 |a Description based on print version record and CIP data provided by publisher; resource not viewed. 
610 2 0 |a European Central Bank. 
610 2 7 |a European Central Bank.  |2 fast  |0 (OCoLC)fst00707463 
650 0 |a Financial instruments  |z European Union countries. 
650 0 |a Liability (Law)  |z European Union countries. 
650 0 |a Judicial review  |z European Union countries. 
650 0 |a Monetary unions  |z European Union countries. 
650 7 |a Financial instruments.  |2 fast  |0 (OCoLC)fst00924708 
650 7 |a Judicial review.  |2 fast  |0 (OCoLC)fst00984727 
650 7 |a Liability (Law)  |2 fast  |0 (OCoLC)fst00997079 
650 7 |a Monetary unions.  |2 fast  |0 (OCoLC)fst01025259 
651 7 |a European Union countries.  |2 fast  |0 (OCoLC)fst01269470 
655 7 |a Electronic books.  |2 local 
710 2 |a Cambridge University Press. 
776 0 8 |i Print version:  |a Bobić, Ana, 1987-  |t Individual in the economic and monetary union  |d Cambridge, United Kingdom ; New York, NY : Cambridge University Press, 2023  |z 9781009207973  |w (DLC) 2023031219 
856 4 0 |u https://doi.org/10.1017/9781009207942  |z Connect to the full text of this electronic book  |t 0 
955 |a Cambridge Open Access ebooks 
994 |a 92  |b TXA 
999 f f |s 22d547a2-8b31-4659-adc2-fdd3910abae4  |i 39597f65-b70e-4ab7-a60d-0767c907d9e2  |t 0 
952 f f |a Texas A&M University  |b College Station  |c Electronic Resources  |d Available Online  |t 0  |e KJE2188   |h Library of Congress classification 
998 f f |a KJE2188   |t 0  |l Available Online